| 000 | 00869nam a2200301 i 4500 | ||
|---|---|---|---|
| 001 | 15552 | ||
| 003 | ES-MaACL | ||
| 005 | 20230906151113.0 | ||
| 007 | t| | ||
| 008 | 000330s1999 sp ||||0| spa j | ||
| 020 | _a84-7245-430-4 | ||
| 040 |
_aM-BN _bspa _cM-BN |
||
| 080 | _a159.942(0:82) | ||
| 080 | _a82.09 | ||
| 100 | 1 |
_aRougemont, Denis de. _9100017 |
|
| 245 | 1 | 4 |
_aLos mitos del amor / _cDenis de Rougemont ; traducción del francés de Manuel Serrat Crespo. |
| 250 | _a1ª ed. | ||
| 260 |
_aBarcelona : _bKairós, _c1999. |
||
| 300 |
_a231 p. ; _c20 cm. |
||
| 490 | 1 | _aEnsayo | |
| 650 | 4 |
_aAmor- _xEn la literatura. _99756 |
|
| 650 |
_aLiteratura- _xHistoria y crítica. _914489 |
||
| 700 | 1 |
_aSerrat Crespo, Manuel. _9105816 |
|
| 830 | 0 |
_aEnsayo _9177699 |
|
| 852 |
_aES-MaACL _jL-22730 _bR.128142 |
||
| 999 |
_c15552 _d15552 |
||